000 nam a22 a 4500
999 _c586
_d586
003 AKMAL
005 20170504120813.0
008 170504t2007 my a e | 000 0 may d
020 _a9830616703 (kkt.) :
_cRM59.90
040 _aAKMAL
082 0 4 _a158.1 CUV
_222
090 2 0 _a158.7
_bCUV
100 1 _aCovey, Stephen R.
_91295
245 1 0 _aTabiat ke 8 :
_bdaripada keberkesanan kepada keagungan /
_cStephen R. Covey ; diterjemahkan oleh Mohammad Radzi Zainal
246 3 _aTabiat ke lapan
260 _aKuala Lumpur :
_bCrescent News,
_c2007
300 _a472ms. :
_bil. ;
_c24cm.
650 1 0 _aLeadership
_9120
700 0 _aMohammad Radzi Zainal
_91296
942 _2ddc
_cBOOK